| 000 | 01076nam a22001577a 4500 | ||
|---|---|---|---|
| 008 | 110711t xxu||||| |||| 00| 0 eng d | ||
| 010 | _aCDOCF139 | ||
| 245 | _aHigh Court Misc. Application No................. OF 1997(Arising out of Civil Suit No. 683 of 1995) B.A.T. International S.P.A Vs Giancarlo Nasce and another | ||
| 260 | _c1997 | ||
| 500 | _a(Chamber Summons) Under 0.10 rr 1,2,12 and Rules 24 of the Civil Procedure Rules. | ||
| 999 |
_c4684 _d4684 |
||